Advances in materials (Record no. 18416)

000 -LEADER
fixed length control field 00568nam a22002057a 4500
001 - CONTROL NUMBER
control field 18416
003 - CONTROL NUMBER IDENTIFIER
control field BD-DhUET
008 - FIXED-LENGTH DATA ELEMENTS--GENERAL INFORMATION
fixed length control field 150330b xxu||||| |||| 00| 0 eng d
040 ## - CATALOGING SOURCE
Transcribing agency 0
Modifying agency BD-DhUET
082 ## - DEWEY DECIMAL CLASSIFICATION NUMBER
Classification number 620.11
Item number SYM/1966
111 ## - MAIN ENTRY--MEETING NAME
Meeting name or jurisdiction name as entry element Proceedings of advances in materials
Location of meeting Manchester
Date of meeting 4/6/1964
245 ## - TITLE STATEMENT
Title Advances in materials
260 ## - PUBLICATION, DISTRIBUTION, ETC. (IMPRINT)
Place of publication, distribution, etc. Oxford
Name of publisher, distributor, etc. Pergamon Press
Date of publication, distribution, etc. 1966
300 ## - PHYSICAL DESCRIPTION
Extent vii,270p.
504 ## - BIBLIOGRAPHY, ETC. NOTE
Bibliography, etc Includes bibliographies
650 #0 - SUBJECT ADDED ENTRY--TOPICAL TERM
Topical term or geographic name as entry element Strenth of materials
700 ## - ADDED ENTRY--PERSONAL NAME
Personal name Rottenburg, P. A.
711 ## - ADDED ENTRY--MEETING NAME
Meeting name or jurisdiction name as entry element Organised by Holliday, L.
942 ## - ADDED ENTRY ELEMENTS (KOHA)
Koha item type Proceedings
Holdings
Withdrawn status Location (home branch) Sublocation or collection (holding branch) Koha normalized classification for sorting Koha item type Piece designation (barcode) Source of classification or shelving scheme Shelving location Lost status Koha full call number Price effective from Koha date last seen Copy number Damaged status Date acquired Not for loan
 Central Library, BUETCentral Library, BUET620_110000000000000_SYM_1966Proceedings14334 Circulation section 620.11/SYM/19662015-03-302015-03-301 2015-03-30